Thông tin hướng dẫn đảm bảo chất lượng trái Thanh Long
Nội dung tài liệu cung cấp các thông tin liên quan đến kỹ thuật canh tác, kỹ thuật bảo quản và hệ thống đảm bảo chất lượng trái thanh long.
Enregistré dans:
| Collectivité auteur: | |
|---|---|
| Format: | Livre |
| Langue: | Undetermined |
| Publié: |
Bình Thuận
Sở Khoa học Công nghệ - Môi trường Bình Thuận
2000
|
| Sujets: | |
| Tags: |
Ajouter un tag
Pas de tags, Soyez le premier à ajouter un tag!
|
| Thư viện lưu trữ: | Trung tâm Học liệu Trường Đại học Cần Thơ |
|---|
| LEADER | 00932nam a2200193Ia 4500 | ||
|---|---|---|---|
| 001 | CTU_139012 | ||
| 008 | 210402s9999 xx 000 0 und d | ||
| 082 | |a 634.7 | ||
| 082 | |b S460 | ||
| 110 | |a Sở Khoa học Công nghệ - Môi trường Bình Thuận | ||
| 245 | 0 | |a Thông tin hướng dẫn đảm bảo chất lượng trái Thanh Long | |
| 245 | 0 | |c Sở Khoa học Công nghệ - Môi trường Bình Thuận | |
| 260 | |a Bình Thuận | ||
| 260 | |b Sở Khoa học Công nghệ - Môi trường Bình Thuận | ||
| 260 | |c 2000 | ||
| 520 | |a Nội dung tài liệu cung cấp các thông tin liên quan đến kỹ thuật canh tác, kỹ thuật bảo quản và hệ thống đảm bảo chất lượng trái thanh long. | ||
| 650 | |a Tropical fruit | ||
| 904 | |i Duy Bằng | ||
| 980 | |a Trung tâm Học liệu Trường Đại học Cần Thơ | ||